تأهيل و تشغيل الأشخاص ذوي الإعاقة: الأسس النظرية و الممارسة العملية / (Record no. 126112)

MARC details
000 -LEADER
fixed length control field 00698nam a22002057a 4500
005 - DATE AND TIME OF LATEST TRANSACTION
control field 20251108175110.0
008 - FIXED-LENGTH DATA ELEMENTS--GENERAL INFORMATION
fixed length control field 250721s2011 xx 000 0 ara d
020 ## - INTERNATIONAL STANDARD BOOK NUMBER
International Standard Book Number 9957024515
082 14 - DEWEY DECIMAL CLASSIFICATION NUMBER
Classification number 362.4/عبد
100 1# - MAIN ENTRY--PERSONAL NAME
Personal name عبدات، روحي مروح
245 10 - TITLE STATEMENT
Title تأهيل و تشغيل الأشخاص ذوي الإعاقة: الأسس النظرية و الممارسة العملية /
264 1# - PRODUCTION, PUBLICATION, DISTRIBUTION, MANUFACTURE, AND COPYRIGHT NOTICE
Place of production, publication, distribution, manufacture عمان :
Name of producer, publisher, distributor, manufacturer دار مجدلاوي للنشر والتوزيع،
Date of production, publication, distribution, manufacture, or copyright notice 2011.
300 ## - PHYSICAL DESCRIPTION
Extent 193 ص.
650 17 - SUBJECT ADDED ENTRY--TOPICAL TERM
Topical term or geographic name as entry element المعاقون
650 17 - SUBJECT ADDED ENTRY--TOPICAL TERM
Topical term or geographic name as entry element ذوي الإعاقة
650 17 - SUBJECT ADDED ENTRY--TOPICAL TERM
Topical term or geographic name as entry element التأهيل المهني
653 ## - INDEX TERM--UNCONTROLLED
Uncontrolled term دعم المعاقون
942 ## - ADDED ENTRY ELEMENTS (KOHA)
Source of classification or shelving scheme Dewey Decimal Classification
Koha item type Books
Holdings
حالة السحب حالة الفقدان مصدر التصنيف حالة التلف غير قابل للإعارة المكتبة الرئيسية المكتبة الحالية موقع الرف تاريخ التزويد الرقم المتسلسل Total Checkouts رقم الإستدعاء الباركود تاريخ آخر ظهور تاريخ الفاتورة نوع المادة (كوها)
    Dewey Decimal Classification     المكتبة المركزية المكتبة المركزية الإعارة 28/07/2025 1538790   362.4/عبد PLD00260780 28/07/2025 28/07/2025 Books
    Dewey Decimal Classification     مكتبة أبو علندا العامة مكتبة أبو علندا العامة الإعارة 14/11/2012 1538792   362.4/عبد PLD00260841 28/07/2025 14/11/2012 Books
    Dewey Decimal Classification     مكتبة أم قصير والمقابلين العامة مكتبة أم قصير والمقابلين العامة الإعارة 14/11/2012 1538793   362.4/عبد PLD00260842 28/07/2025 14/11/2012 Books
    Dewey Decimal Classification     مكتبة الاميرة بديعة مكتبة الاميرة بديعة الإعارة 14/11/2012 1538796   362.4/عبد PLD00260845 28/07/2025 14/11/2012 Books
    Dewey Decimal Classification     مكتبة الحسن العامة مكتبة الحسن العامة الإعارة 14/11/2012 1538797   362.4/عبد PLD00260846 28/07/2025 14/11/2012 Books
    Dewey Decimal Classification     مكتبة حمزة العامة مكتبة حمزة العامة الإعارة 14/11/2012 1538795   362.4/عبد PLD00260844 28/07/2025 14/11/2012 Books
    Dewey Decimal Classification     مكتبة صويلح العامة مكتبة صويلح العامة الإعارة 14/11/2012 1538798   362.4/عبد PLD00260847 28/07/2025 14/11/2012 Books
    Dewey Decimal Classification     مكتبة وادي السير العامة مكتبة وادي السير العامة الإعارة 14/11/2012 1538799   362.4/عبد PLD00260848 28/07/2025 14/11/2012 Books
Implemented & Customized by: BBB with SCIT (Smart Chains for Information Technology)

Powered by Koha